Pages de début (notice n° 2250579)

détails MARC
000 -LEADER
fixed length control field 02197cam a2200181 4500500
005 - DATE AND TIME OF LATEST TRANSACTION
control field 20260524000447.0
041 ## - LANGUAGE CODE
Language code of text/sound track or separate title fre
042 ## - AUTHENTICATION CODE
Authentication code dc
100 10 - MAIN ENTRY--PERSONAL NAME
Personal name Kelsay, Kimberly J.
Relator term author
245 00 - TITLE STATEMENT
Title Pages de début
260 ## - PUBLICATION, DISTRIBUTION, ETC.
Date of publication, distribution, etc. 2025.<br/>
500 ## - GENERAL NOTE
General note 65
520 ## - SUMMARY, ETC.
Summary, etc. RésuméLa batterie MacArthur d’histoires à compléter est une méthode structurée dont le but est d’engager l’enfant dans un jeu narratif. Le cadre procuré par l’ensemble d’histoires peut se révéler très utile dan le processus thérapeutique avec les jeunes enfants et leurs familles. Elle permet à certains enfants de révéler plus facilement les types de conflits qui les animent, et facilite l’engagement avec le thérapeute, tout en aidant les uns et les autres à diminuer leur anxiété vis-à-vis de la thérapie. Les séances peuvent être enregistrées en vidéo, et revues avec certains membres de la famille, de façon à permettre que celle-ci facilite la thérapie de l’enfant. Finalement, ce cadre permet l’établissement d’une base de données comparative propre au clinicien, utile tant à son activité diagnostique que thérapeutique.
520 ## - SUMMARY, ETC.
Summary, etc. The MacArthur Story Stem Battery is a structured method for engaging children in play narratives. The structure provided by the Mac Arthur Story Stem Battery can be very useful in the therapeutic process of working with young children and families. The structure enables some children to reveal areas that they are struggling with quickly, and helps the child engage with the therapist. The structure also helps to alleviate both the child’s and the clinician’s anxiety about therapy. Sessions can be videotaped and reviewed with relevant family as a means to engage family in supporting therapy with the child. Finally, the structure facilitates the formation of a comparative internal data base for the clinician to access both for diagnostic and therapeutic process purposes.
700 10 - ADDED ENTRY--PERSONAL NAME
Personal name Le Houezec-Jacquemain, Frédérique
Relator term author
786 0# - DATA SOURCE ENTRY
Note Déviance et Société | 49 | 3 | 2025-12-17 | p. 1-5 | 0378-7931
856 41 - ELECTRONIC LOCATION AND ACCESS
Uniform Resource Identifier <a href="https://shs.cairn.info/revue-deviance-et-societe-2025-3-page-1?lang=fr&redirect-ssocas=7080">https://shs.cairn.info/revue-deviance-et-societe-2025-3-page-1?lang=fr&redirect-ssocas=7080</a>

Pas d'exemplaire disponible.

PLUDOC

PLUDOC est la plateforme unique et centralisée de gestion des bibliothèques physiques et numériques de Guinée administré par le CEDUST. Elle est la plus grande base de données de ressources documentaires pour les Étudiants, Enseignants chercheurs et Chercheurs de Guinée.

Adresse

627 919 101/664 919 101

25 boulevard du commerce
Kaloum, Conakry, Guinée

Réseaux sociaux

Powered by Netsen Group @ 2025